| 000 | 00957nas a2200325 4500 | ||
|---|---|---|---|
| 001 | BR2015005711 | ||
| 003 | BR-BrBNA | ||
| 005 | 20231205125800.0 | ||
| 007 | ta | ||
| 008 | 230509b bl.|||p| |||| 00| 00por d | ||
| 040 |
_aBR-BrBNA _bpor _cBiblioteca Nacional de Agricultura |
||
| 041 | _a(En) | ||
| 072 | _aL02 | ||
| 100 | 1 | _aSantos, F.M. dos | |
| 100 | 1 | _aSantos, J.D.R. | |
| 100 | 1 | _aCarvalho, F.A.L. de | |
| 100 | 1 | _aQueiroz, M.A.A. | |
| 100 | 1 | _aYamamoto, S.M. | |
| 100 | 1 | _aGuimarães, O.D. | |
| 245 | 1 | _aLicury cake in lamb feed: characteristics of carcass and non-carcass components | |
| 650 | _aCORDEIRO | ||
| 650 | _aNUTRIÇÃO ANIMAL | ||
| 650 | _aALIMENTO ALTERNATIVO | ||
| 650 | _aTORTA | ||
| 650 | _aOURICURI | ||
| 650 | _aFÍGADO | ||
| 773 | 0 |
_tCiência e Agrotecnologia (Brazil) _xISSN 1413-7054 _g(May-Jun 2015), v. 39(3) p. 260-268 _wBR2015005711 |
|
| 909 |
_a202311 _bLúcia _c55 _dLúcia Elande |
||
| 942 |
_2AGRIS _n0 _cANA |
||
| 999 |
_c246116 _d246116 |
||